Histoire critique des doctrines de l'education en France depuis de seiziéme siècle / (Record no. 46045)

MARC details
000 -LEADER
campo de control de longitud fija 00475nam a2200145 i 4500
001 - NÚMERO DE CONTROL
campo de control 46045
003 - IDENTIFICADOR DE NÚMERO DE CONTROL
campo de control ES-MaACL
007 - CAMPO FIJO DE DESCRIPCIÓN FÍSICA--INFORMACIÓN GENERAL
campo de control de longitud fija t|
008 - DATOS DE LONGITUD FIJA--INFORMACIÓN GENERAL
campo de control de longitud fija 030327s1879 fr ||||1| fre d
100 1# - ENTRADA PRINCIPAL--NOMBRE DE PERSONA
Nombre de persona Compayré, Gabriel.
9 (RLIN) 40046
245 10 - MENCIÓN DEL TÍTULO
Título Histoire critique des doctrines de l'education en France depuis de seiziéme siècle /
Mención de responsabilidad, etc. par Gabriel Compayré.
260 ## - PUBLICACIÓN, DISTRIBUCIÓN, ETC.
Lugar de publicación, distribución, etc. París :
Nombre del editor, distribuidor, etc. [s.n.,
Fecha de publicación, distribución, etc. 1879] (
Lugar de fabricación/manufactura Tolouse :
Fabricante Paul Privat)
300 ## - DESCRIPCIÓN FÍSICA
Extensión 2 v. ;
Dimensiones 23 cm.
852 ## - LOCALIZACIÓN
Ubicación ES-MaACL
Número de control de estantería G-10869-10870
Holdings
Estatus retirado Estado de pérdida Estado de daño No para préstamo Colección Biblioteca de origen Biblioteca actual Ubicación en estantería Fecha de adquisición Fuente de adquisición Total de préstamos Signatura topográfica completa Código de barras Visto por última vez Precio de reemplazo Tipo de ítem Koha
        Libros del s. XIX Biblioteca del Ateneo de Madrid Biblioteca del Ateneo de Madrid Sala Pecera Planta 3 17/01/2008     G-10869-10870 1048441 23/02/2023 23/02/2023 Libro impreso antiguo